Statistics for Countries of Asia With a Disappearing Map

Click here to take the quiz!

General Stats

  • This quiz has been taken 1,998 times
  • The average score is 46 of 48

Answers on the Map

Answers color-coded by a green-red scale on the quiz's map according to % correct below.
 

Answer Stats

Country% Correct
China
99%
India
99%
Japan
99%
North Korea
99%
Indonesia
98%
Iran
98%
Iraq
98%
Mongolia
98%
Pakistan
98%
Saudi Arabia
98%
South Korea
98%
Turkey
98%
Afghanistan
97%
Kazakhstan
97%
Oman
97%
Philippines
97%
Taiwan
97%
Thailand
97%
Uzbekistan
97%
Vietnam
97%
Yemen
97%
Bangladesh
96%
Cambodia
96%
Israel
96%
Laos
96%
Malaysia
96%
Myanmar
96%
Nepal
96%
Qatar
96%
Sri Lanka
96%
Turkmenistan
96%
United Arab Emirates
96%
Bhutan
95%
Georgia
95%
Jordan
95%
Syria
95%
Tajikistan
95%
Armenia
94%
Azerbaijan
94%
Cyprus
94%
Kuwait
94%
Kyrgyzstan
94%
Lebanon
94%
Singapore
94%
Bahrain
93%
Maldives
92%
Brunei
91%
East Timor
91%

Score Distribution

Percentile by Number Answered

Percent of People with Each Score

Your Score History

You have not taken this quiz